000 00549nam a2200181 a 4500
001 000037064
005 20200930080122.0
008 120209s1986 mx 000 0 spa d
020 _a9681809548
040 _aDO-SdBNP
_bspa
_cBNPHU
082 _axxxx
_bE81
100 1 _aEston, Jeanette
_963474
240 1 0 _aAmeca´s own Mark Twain
_lEspañol
245 1 0 _aMark Twain y su mundo /
_cJeanette Eaton ; Adrés M. Mateo.
260 _aMéxico :
_bLimusa,
_c1986.
300 _a269 p. :
_bils., retr. ;
_c21 cm.
700 1 _aMateo, Adrés M.,
_etr.
_963475
999 _c36554
_d36554